[Event "Havana Gilberto Garcia Memorial-B"]
[Site "Havana"]
[Date "2024.03.03"]
[Round "7"]
[White "Caballero Fernandez, Dachelis Maria"]
[Black "Ramos Tuya, Moises"]
[Result "1-0"]
[WhiteElo "1406"]
[BlackElo "1497"]
[PlyCount "63"]
[EventDate "2024.02.24"]
[EventType "tourn"]
[EventRounds "9"]
[EventCountry "CUB"]
[SourceTitle "CB13_2024"]
[SourceDate "2024.03.27"]
[SourceVersion "1"]
[SourceVersionDate "2024.03.27"]
[SourceQuality "1"]

1. e4 c5 2. Nf3 Nc6 3. d4 cxd4 4. Nxd4 e6 5. Nc3 a6 6. g3 Nf6 7. Bg2 e5 8. Nf5 d6 9. Ne3 g6 10. a4 Bg7 11. 0-0 0-0 12. Ncd5 Nxd5 13. Nxd5 Be6 14. Be3 Bxd5 15. Qxd5 Rc8 16. c3 b6 17. Bh3 Ne7 18. Qd3 Ra8 19. Rfd1 d5 20. exd5 Qd6 21. Rac1 f5 22. f4 e4 23. Qd2 b5 24. b4 Rac8 25. Bc5 Qd7 26. axb5 axb5 27. Bf1 Rfe8 28. c4 Red8 29. d6 Nc6 30. cxb5 Na7 31. Qa2+ Qf7 32. Bc4 1-0

[Event "Havana Gilberto Garcia Memorial-B"]
[Site "Havana"]
[Date "2024.02.24"]
[Round "1"]
[White "Benitez Montalvo, Hedilberto"]
[Black "Caballero Fernandez, Dachelis Maria"]
[Result "0-1"]
[WhiteElo "1504"]
[BlackElo "1406"]
[PlyCount "94"]
[EventDate "2024.02.24"]
[EventType "tourn"]
[EventRounds "9"]
[EventCountry "CUB"]
[SourceTitle "CB13_2024"]
[SourceDate "2024.03.27"]
[SourceVersion "1"]
[SourceVersionDate "2024.03.27"]
[SourceQuality "1"]

1. d4 Nf6 2. Nf3 e6 3. Bg5 Be7 4. Nc3 d5 5. a3 0-0 6. h3 b6 7. g4 Bb7 8. Bg2 Nbd7 9. e3 c5 10. Qe2 Ne4 11. Bxe7 Qxe7 12. Nxe4 dxe4 13. Ne5 Nxe5 14. dxe5 Rad8 15. 0-0 Qg5 16. Rad1 Qxe5 17. c3 h6 18. Rxd8 Rxd8 19. Rd1 Rxd1+ 20. Qxd1 Qd5 21. Qxd5 exd5 22. f4 Kf8 23. Kf2 Ke7 24. Kg3 Kf6 25. h4 g5 26. h5 a5 27. Bf1 Bc6 28. Be2 a4 29. Bf1 Kg7 30. Be2 f6 31. f5 Kf7 32. Ba6 Ke7 33. Be2 Kd6 34. Kf2 Ke5 35. Bf1 d4 36. Be2 d3 37. Bd1 Kd5 38. Ke1 Kc4 39. Kd2 b5 40. Kc1 b4 41. Kd2 Kb5 42. Kc1 Bd5 43. Kd2 bxa3 44. bxa3 Bb3 45. Kc1 Kc4 46. Kd2 Bxd1 47. Kxd1 Kxc3 0-1